MARC

Tag First Indicator Second Indicator Subfields
LEADER 00000cam a2200000 a 4500
001 in00000927708
005 20150925102403.0
008 900106s1984 ilua b s00000 eng
010 |a  82072482  
020 |a 0881040045 (pbk.) 
035 |a (OCoLC)11374598 
035 |9 AER7923AM 
040 |a DLC  |c DLC  |d UtOrBLW 
043 |a n-us-il 
049 |a TXAM  |c [A13482137] 
050 0 0 |a F547.C13  |b C85 1984 
082 0 0 |a 977.3/99  |2 20 
245 0 0 |a Cultural frontiers in the Upper Cache Valley, Illinois /  |c by Veletta Canouts [and others] ; forward [as printed] by Howard D. Winters ; with contributions by George R. Holley and Donald P. Quillman. 
264 1 |a Carbondale, Ill. :  |b Center for Archaeological Investigations, Southern Illinois University at Carbondale,  |c [1984] 
300 |a xviii, 240 pages :  |b illustrations ;  |c 28 cm. 
336 |a text  |b txt  |2 rdacontent 
337 |a unmediated  |b n  |2 rdamedia 
338 |a volume  |b nc  |2 rdacarrier 
490 1 |a Center for Archaeological Investigations, Research paper ;  |v no. 16 
500 |a Title on spine: Cache reconnaissance. 
500 |a "February 1984." 
504 |a Bibliography: pages 223-240. 
651 0 |a Cache River Valley (Ill.)  |x Antiquities. 
650 0 |a Indians of North America  |z Illinois  |z Cache River Valley  |x Antiquities. 
650 0 |a Excavations (Archaeology)  |z Illinois  |z Cache River Valley. 
700 1 |a Canouts, Veletta. 
740 0 |a Cache reconnaissance. 
830 0 |a Research paper (Southern Illinois University at Carbondale. Center for Archaeological Investigations) ;  |v no. 16. 
999 |a MARS 
999 f f |s a823462f-ac53-3ed5-b344-2e36f14cc864  |i 2b0a4794-5be8-371e-9b42-53801a6ae395  |t 0 
952 f f |p ric  |a Texas A&M University  |b Rellis Campus  |c Joint Library Facility  |d Remote Storage  |t 0  |e F547.C13 C85 1984  |h Library of Congress classification  |i unmediated -- volume  |m A14813482137 
998 f f |a F547.C13 C85 1984  |t 0  |l Remote Storage